00819nam a2200217Ia 4500952015900000952014400159999001700303003000400320005001700324008004100341020001800382040000900400082001800409100002100427245004200448250001200490260003600502300000900538650001200547942004200559 00102ddc40708PHILOSOPHYaMESbMEScPHILOSOPHYd2019-02-20g295.00l1m3o149.97 WOO/Bp36796r2020-02-03 00:00:00s2019-10-31t1w2019-02-20yBKzU3R3 00102ddc40708PHILOSOPHYaMESbMEScPHILOSOPHYd2019-02-20g295.00l0o149.97 WOO/Bp36903r2019-02-20 00:00:00t2w2019-02-20yBKzU3R3 c14695d14695OSt20201020130415.0190216s9999||||xx |||||||||||||| ||und|| a9788130919034 coclc a149.97bWOO/B aWoods, Tim95964 0aBeginning Postmodernism /cTim Woods  a2nd Ed. bViva Books ,c2013.aNew Delhi: a329p aEnglish cBK2ddch149.97iWOO/Bk149.97mWOO/B